[Event "Kalamazoo November Mini-Swiss.1"]
[Site "Kalamazoo, MI"]
[Date "1999.11.20"]
[Round "2"]
[White "Johnson, Marvin"]
[Black "Dorrington, Eldon"]
[Result "0-1"]
[WhiteElo "1682"]
[BlackElo "1666"]
[PlyCount "121"]
[EventDate "1999.11.20"]

1. Nf3 Nf6 2. d4 g6 3. b3 Bg7 4. Bb2 O-O 5. c4 d6 6. Nc3 Na6 7. e3 c5 8. Bd3
Nb4 9. Bb1 Bg4 10. h3 Bxf3 11. Qxf3 cxd4 12. exd4 Nc6 13. Ne2 Nd7 14. O-O Qb6
15. Rd1 Rad8 16. Be4 e5 17. d5 Ne7 18. Rac1 f5 19. Bb1 e4 20. Qg3 Bxb2 21. Rc2
Be5 22. Qh4 Rde8 23. Rf1 Qd8 24. Nf4 Bxf4 25. Qxf4 Ne5 26. Rc3 Nc8 27. h4 Qf6
28. Rg3 Kh8 29. f3 exf3 30. gxf3 Nf7 31. h5 gxh5 32. Kh1 Rg8 33. Rh3 Rg5 34.
Qh4 Qb2 35. Rh2 Re2 36. f4 Rxh2+ 37. Qxh2 Qxh2+ 38. Kxh2 Rg8 39. Bxf5 Nh6 40.
Be6 Rf8 41. f5 Ng4+ 42. Kg3 Ne7 43. Kf4 h6 44. c5 dxc5 45. d6 Nc6 46. Rh1 Nf6
47. Rg1 Kh7 48. Bc4 Rd8 49. Bb5 Nd5+ 50. Kg3 Rxd6 51. Bxc6 Rxc6 52. Kf3 Nf6 53.
Kf4 b5 54. Re1 c4 55. Re7+ Kg8 56. bxc4 bxc4 57. Re2 Ng4 58. Rc2 c3 59. Kf3 Kf7
60. Kf4 Rc4+ 61. Kf3 0-1

[Event "Kalamazoo November Mini-Swiss.3"]
[Site "Kalamazoo, MI"]
[Date "1999.11.20"]
[Round "1"]
[White "Henkel, Scott"]
[Black "Tuzeneu, Jim"]
[Result "1-0"]
[WhiteElo "1266"]
[BlackElo "824"]
[PlyCount "129"]
[EventDate "1999.11.20"]

1. e4 d6 2. d4 Nc6 3. Nf3 Nf6 4. d5 Ne5 5. Nxe5 dxe5 6. f3 Qd6 7. Nc3 Bd7 8.
Be3 e6 9. Nb5 Bxb5 10. Bxb5+ Nd7 11. Bxd7+ Qxd7 12. dxe6 Qxe6 13. c3 Be7 14.
Qa4+ c6 15. Qb3 Qxb3 16. axb3 a6 17. Bb6 Bd8 18. Bc5 Be7 19. Bxe7 Kxe7 20. Rd1
Rhd8 21. Ke2 Rd6 22. Rxd6 Kxd6 23. Rd1+ Kc7 24. b4 Re8 25. Ke3 Re6 26. c4 Rh6
27. h3 c5 28. bxc5 Rg6 29. Kf2 b6 30. Rd5 Re6 31. b4 f6 32. cxb6+ Rxb6 33. Rc5+
Kd6 34. Rd5+ Ke7 35. b5 a5 36. Rd3 a4 37. Ra3 Rd6 38. Rxa4 Rd2+ 39. Kf1 Kd7 40.
Ra7+ Kd6 41. Rxg7 h5 42. Rg8 Rc2 43. Rc8 Rc1+ 44. Kf2 Rc2+ 45. Kg1 Rc1+ 46. Kh2
Kd7 47. Rc6 Rd1 48. Rxf6 Rd6 49. Rxd6+ Kxd6 50. b6 Kc6 51. c5 h4 52. g4 hxg3+
53. Kxg3 Kb7 54. h4 Kc6 55. h5 Kxc5 56. b7 Kd4 57. b8=Q Ke3 58. Qxe5 Kd3 59.
Kf2 Kc4 60. Qd5+ Kc3 61. Ke3 Kb4 62. Kd3 Ka4 63. Qb7 Ka5 64. Kc4 Ka4 65. Qa8#
1-0

[Event "Kalamazoo November Mini-Swiss.3"]
[Site "Kalamazoo, MI"]
[Date "1999.11.20"]
[Round "3"]
[White "Henkel, Scott"]
[Black "Kaminsky, Gary"]
[Result "1-0"]
[WhiteElo "1266"]
[BlackElo "1068"]
[PlyCount "49"]
[EventDate "1999.11.20"]

1. e4 c5 2. Nf3 d6 3. d4 cxd4 4. Nxd4 Nf6 5. Nc3 a6 6. f3 e5 7. Nb3 Qc7 8. Nd5
Nxd5 9. exd5 Nd7 10. Be3 Nf6 11. Qd2 Be7 12. O-O-O O-O 13. g4 Bd7 14. h4 Rac8
15. h5 Ba4 16. Rh2 Nd7 17. g5 g6 18. Bh3 f5 19. gxf6 Nxf6 20. Be6+ Kh8 21. hxg6
Qxc2+ 22. Qxc2 Rxc2+ 23. Rxc2 hxg6 24. Rh1+ Kg7 25. Bh6+ 1-0

[Event "Kalamazoo November Mini-Swiss.2"]
[Site "Kalamazoo, MI"]
[Date "1999.11.20"]
[Round "2"]
[White "Griffin, John"]
[Black "Reist, Douglas"]
[Result "1-0"]
[WhiteElo "1529"]
[BlackElo "1419"]
[PlyCount "81"]
[EventDate "1999.11.20"]

1. d4 d5 2. c4 e6 3. g3 Nf6 4. Bg2 Be7 5. Nf3 O-O 6. Qc2 Nc6 7. O-O Rb8 8. b3
a6 9. Nbd2 Bd7 10. Bb2 b6 11. cxd5 exd5 12. Rac1 Bd6 13. Ne5 Nb4 14. Qb1 Bb5
15. a3 Bxe2 16. Rfe1 Bxe5 17. Rxe2 Bd6 18. axb4 Bxb4 19. Bc3 Bxc3 20. Rxc3 a5
21. Qc1 Rc8 22. Bh3 Nd7 23. Nf3 f6 24. Rec2 c5 25. dxc5 bxc5 26. Be6+ Kh8 27.
Bxd5 Ne5 28. Be6 Rc6 29. Bf5 Rd6 30. Qa3 Nxf3+ 31. Rxf3 Rd1+ 32. Kg2 g6 33. Be4
f5 34. Qb2+ Kg8 35. Bc6 Qd6 36. Bb5 Rb8 37. Bc4+ Kf8 38. Qh8+ Ke7 39. Re2+ Kd7
40. Qxh7+ Kc6 41. Re6 1-0

[Event "Kalamazoo November Mini-Swiss.2"]
[Site "Kalamazoo, MI"]
[Date "1999.11.20"]
[Round "1"]
[White "Griffin, John"]
[Black "Culver, Daniel"]
[Result "1/2-1/2"]
[WhiteElo "1529"]
[BlackElo "1374"]
[PlyCount "106"]
[EventDate "1999.11.20"]

1. d4 Nf6 2. c4 g6 3. Nc3 Bg7 4. e4 d6 5. Nf3 O-O 6. Be2 e5 7. O-O Nc6 8. a3
Nd7 9. d5 Ne7 10. Qc2 f5 11. Ng5 Nf6 12. Qb3 c5 13. f3 f4 14. Ne6 Bxe6 15. dxe6
g5 16. Qxb7 h5 17. Nd5 Nexd5 18. cxd5 Re8 19. b4 Re7 20. Qa6 cxb4 21. axb4 g4
22. Bd2 Bh6 23. Qa5 Qf8 24. Rac1 Qg7 25. Qa6 Rd8 26. Rc8 Ree8 27. Rxd8 Rxd8 28.
Qd3 g3 29. h3 Nh7 30. Rc1 Qe7 31. Qc4 Ng5 32. Qc7 Nxh3+ 33. Kf1 Qh4 34. Qf7+
Kh8 35. e7 Bg7 36. exd8=Q+ Qxd8 37. Rc7 Qg5 38. Rc8+ Kh7 39. Rh8+ Kxh8 40. Qd7
Nf2 41. Qxa7 Qh4 42. Ke1 Qh1+ 43. Bf1 Qg1 44. Qb8+ Kh7 45. Qb5 h4 46. Qd7 Nd3+
47. Ke2 Nc1+ 48. Bxc1 Qf2+ 49. Kd3 Qxf1+ 50. Kc2 Qxg2+ 51. Bd2 Qxf3 52. Qf5+
Kh6 53. Qe6+ Kh5 1/2-1/2

[Event "Kalamazoo November Mini-Swiss.1"]
[Site "Kalamazoo, MI"]
[Date "1999.11.20"]
[Round "2"]
[White "Estlick, Laurence"]
[Black "Bambrough, Brian"]
[Result "1/2-1/2"]
[WhiteElo "1914"]
[BlackElo "1999"]
[PlyCount "97"]
[EventDate "1999.11.20"]

1. d4 f5 2. c4 g6 3. Nc3 Nf6 4. g3 Bg7 5. Bg2 O-O 6. Nf3 d6 7. O-O c6 8. Bg5
Be6 9. d5 Bf7 10. Nd4 c5 11. Nc2 Nbd7 12. Rc1 Rb8 13. Qd2 a6 14. Bxf6 Nxf6 15.
Qd3 Ng4 16. f4 Be8 17. h3 Nf6 18. b3 b5 19. cxb5 axb5 20. e4 b4 21. e5 bxc3 22.
exf6 Bb5 23. Qe3 Bxf6 24. Rfe1 Bd7 25. Bf1 Qa5 26. Ra1 Rfe8 27. Bc4 Kg7 28. a4
Bc8 29. Qd3 Rb6 30. Na3 Ba6 31. Bxa6 Qxa6 32. Nb5 Qb7 33. Rac1 Rb8 34. g4 fxg4
35. hxg4 Rxb5 36. axb5 Qd7 37. Re6 Rxb5 38. g5 Bd4+ 39. Kh2 Rxb3 40. Rce1 Rb2+
41. Kh1 Rb7 42. f5 gxf5 43. Qxf5 Qe8 44. Qh3 Kg8 45. Rc1 c2 46. Rh6 Rb1 47.
Qe6+ Kh8 48. Rxh7+ Kxh7 49. Qh6+ 1/2-1/2

[Event "Kalamazoo November Mini-Swiss.1"]
[Site "Kalamazoo, MI"]
[Date "1999.11.20"]
[Round "1"]
[White "Dorrington, Eldon"]
[Black "Estlick, Laurence"]
[Result "0-1"]
[WhiteElo "1666"]
[BlackElo "1914"]
[PlyCount "80"]
[EventDate "1999.11.20"]

1. d4 d5 2. e4 dxe4 3. Nc3 Nf6 4. f3 exf3 5. Nxf3 e6 6. Bg5 Be7 7. Bd3 Nc6 8.
O-O h6 9. Bh4 O-O 10. h3 Nd5 11. Bxe7 Ncxe7 12. Ne2 Ne3 13. Qd2 Nxf1 14. Rxf1
Bd7 15. c4 Rc8 16. b4 b6 17. Rd1 Ba4 18. Rf1 c5 19. dxc5 bxc5 20. b5 a6 21.
bxa6 Qb6 22. Ne5 Rcd8 23. Qe3 f5 24. Rb1 Qd6 25. a7 Nc6 26. Nxc6 Bxc6 27. Nc1
Rf7 28. Rb2 Rxa7 29. Kh1 Ra3 30. Qe2 Rc3 31. Rc2 Rxc2 32. Qxc2 Qg3 33. Qe2 Be4
34. Bxe4 fxe4 35. Nb3 e3 36. Kg1 Rf8 37. Qd1 Qf2+ 38. Kh2 Qf4+ 39. Kg1 Qf2+ 40.
Kh2 e2 0-1

[Event "Kalamazoo November Mini-Swiss.2"]
[Site "Kalamazoo, MI"]
[Date "1999.11.20"]
[Round "2"]
[White "Culver, Daniel"]
[Black "Anthony, James"]
[Result "0-1"]
[WhiteElo "1374"]
[BlackElo "1552"]
[PlyCount "32"]
[EventDate "1999.11.20"]

1. e4 e5 2. Nf3 Nc6 3. Bc4 Na5 4. Be2 Nc6 5. Bc4 a6 6. d4 exd4 7. Nxd4 Ne5 8.
Bb3 Nf6 9. O-O Bc5 10. c3 d6 11. Bc2 O-O 12. Nd2 h6 13. Kh1 Neg4 14. N4f3 Re8
15. Re1 Nxf2+ 16. Kg1 Nxd1+ 0-1

[Event "Kalamazoo November Mini-Swiss.2"]
[Site "Kalamazoo, MI"]
[Date "1999.11.20"]
[Round "3"]
[White "Anthony, James"]
[Black "Dick, Jason"]
[Result "1-0"]
[WhiteElo "1552"]
[BlackElo "1204"]
[PlyCount "89"]
[EventDate "1999.11.20"]

1. e4 e5 2. Nf3 Nf6 3. Nc3 Bb4 4. Nd5 Nxd5 5. exd5 d6 6. c3 Ba5 7. Qa4+ Qd7 8.
Qxa5 b6 9. Qb4 Na6 10. Qb5 Nc5 11. Qxd7+ Bxd7 12. Be2 O-O 13. O-O f5 14. b4 Ne4
15. Bb2 Nf6 16. c4 c5 17. b5 e4 18. Ng5 h6 19. Ne6 Bxe6 20. dxe6 Rfe8 21. Bxf6
gxf6 22. Bh5 Rxe6 23. Bg6 Re5 24. f4 exf3 25. Rxf3 Re4 26. d3 Re2 27. Bxf5 Rae8
28. Rff1 Re1 29. Rfxe1 Rxe1+ 30. Rxe1 Kg7 31. Re3 Kf7 32. Re6 Kf8 33. Rxd6 Ke7
34. Rd7+ Ke8 35. Rxa7 h5 36. Bg6+ Kd8 37. Bxh5 Kc8 38. Bf3 Kb8 39. Rb7+ Kc8 40.
h4 Kd8 41. h5 Ke8 42. h6 Kf8 43. Bd5 Ke8 44. h7 Kd8 45. h8=Q# 1-0

[Event "Michigan Women's"]
[Site "Detroit, MI"]
[Date "1999.12.18"]
[Round "3"]
[White "Yancey, Seleana"]
[Black "Moore, Gemma"]
[Result "1-0"]
[WhiteElo "874"]
[BlackElo "796"]
[PlyCount "105"]
[EventDate "1999.12.18"]

1. e4 e5 2. Nf3 Nc6 3. Bb5 a6 4. Ba4 b5 5. Bb3 h6 6. d4 d6 7. d5 Nd4 8. Nxd4
exd4 9. Qxd4 Bb7 10. c4 Nf6 11. Nd2 Be7 12. Nf3 O-O 13. O-O Qd7 14. e5 Ng4 15.
h3 dxe5 16. Nxe5 Nxe5 17. Qxe5 f6 18. Qe4 c6 19. Bc2 f5 20. dxc6 Bxc6 21. Qe5
bxc4 22. Re1 Bf6 23. Qe6+ Rf7 24. Qxd7 Bxd7 25. Rb1 g5 26. f4 g4 27. hxg4 fxg4
28. Kh2 Rg7 29. Be4 g3+ 30. Kg1 Re8 31. Bd5+ Kf8 32. Rxe8+ Kxe8 33. Bd2 Bd4+
34. Kf1 Bb5 35. Re1+ Kd7 36. Be6+ Kc6 37. Rc1 Re7 38. Bxc4 Bxb2 39. Rc2 Bd4 40.
Bxb5+ Kxb5 41. Be1 Rg7 42. Rd2 Kc4 43. Re2 h5 44. Re4 Rg4 45. Ke2 Kd5 46. Kf3
Bb6 47. Re5+ Kc4 48. Rxh5 Kd3 49. Kxg4 Bf2 50. Ba5 Kc2 51. Rd5 Kc1 52. Kf3 Kc2
53. Ke2 1-0

[Event "Michigan Women's"]
[Site "Detroit, MI"]
[Date "1999.12.18"]
[Round "1"]
[White "Yancey, Seleana"]
[Black "Gaskins, Jaquese"]
[Result "1-0"]
[WhiteElo "874"]
[BlackElo "642"]
[PlyCount "67"]
[EventDate "1999.12.18"]

1. e4 g6 2. d4 Nf6 3. e5 b6 4. exf6 exf6 5. Qe2+ Be7 6. Bh6 Ba6 7. c4 b5 8.
cxb5 Bb7 9. Bg7 Rg8 10. Bxf6 c6 11. Nc3 cxb5 12. Nxb5 Qa5+ 13. Kd1 Nc6 14. d5
O-O-O 15. Bxe7 Nxe7 16. Nd6+ Kb8 17. Qe5 Qxd5+ 18. Qxd5 Bxd5 19. Ne2 Kc7 20.
Nb5+ Kb6 21. Nec3 Bc6 22. Nd4 d5 23. Bd3 Ba4+ 24. Nxa4+ Ka5 25. Bc2 Rc8 26. b3
Nc6 27. Nxc6+ Rxc6 28. Rc1 d4 29. Bd3 Rd6 30. Rc5+ Kb4 31. Kc2 Re8 32. a3+ Kxa3
33. Ra1+ Kb4 34. Rb5# 1-0

[Event "Michigan Action"]
[Site "Detroit, MI"]
[Date "1999.12.18"]
[Round "5"]
[White "Williams, Jason"]
[Black "Weaks, Shanar"]
[Result "0-1"]
[WhiteElo "580"]
[BlackElo "771"]
[PlyCount "82"]
[EventDate "1999.12.18"]

1. e4 e5 2. Nf3 Nc6 3. Bc4 Bc5 4. O-O Nf6 5. Nc3 O-O 6. d3 Ng4 7. h3 Nxf2 8.
Qe2 Nxh3+ 9. Kh2 Nf4 10. Bxf4 exf4 11. Na4 Bd6 12. e5 Re8 13. d4 Nxd4 14. Nxd4
Bxe5 15. Rad1 Qh4+ 16. Kg1 d6 17. Nf3 Qf6 18. Nxe5 Qxe5 19. Qxe5 dxe5 20. g3
Bg4 21. Rde1 Bh3 22. Rf2 g5 23. Rh2 g4 24. gxf4 exf4 25. Rxe8+ Rxe8 26. Rd2
Re1+ 27. Kf2 Rh1 28. Rd8+ Kg7 29. Bd5 g3+ 30. Kf3 g2 31. Kxf4 Rf1+ 32. Ke5 g1=Q
33. Nc3 Rf5+ 34. Ke4 Qg4+ 35. Kd3 Bf1+ 36. Kd2 Qf4+ 37. Ke1 Qf2+ 38. Kd1 Bg2
39. Be4 Bxe4 40. Nxe4 Qh2 41. Rd2 Rf1# 0-1

[Event "Michigan Action"]
[Site "Detroit, MI"]
[Date "1999.12.18"]
[Round "1"]
[White "Williams, Jason"]
[Black "Menczer, David"]
[Result "0-1"]
[WhiteElo "580"]
[BlackElo "1325"]
[PlyCount "130"]
[EventDate "1999.12.18"]

1. e4 d5 2. exd5 Qxd5 3. Nc3 Qa5 4. Nf3 Nf6 5. Bc4 Bf5 6. d3 e6 7. O-O c6 8.
Bd2 Bd6 9. Nd5 Qd8 10. Nxf6+ Qxf6 11. Bg5 Qg6 12. Qe2 h6 13. Bd2 Bh3 14. Nh4
Qf6 15. Qf3 Qxh4 16. Qxh3 Qxh3 17. gxh3 Nd7 18. f4 g5 19. Rf3 gxf4 20. Bxf4
Bc5+ 21. Kf1 Rg8 22. Ke2 O-O-O 23. Bxh6 Rg2+ 24. Ke1 Rg1+ 25. Rf1 Rdg8 26. Ke2
R1g2+ 27. Ke1 Rxc2 28. b3 Rgg2 29. d4 Bb4+ 30. Kd1 Rgd2+ 31. Bxd2 Rxd2+ 32. Kc1
Rxh2 33. Rxf7 Ba3+ 34. Kd1 b5 35. Bxe6 Rh1+ 36. Kc2 Rxa1 37. Bxd7+ Kc7 38. Be8+
Kb6 39. Rf6 Rxa2+ 40. Kd3 b4 41. Rxc6+ Kb7 42. d5 Rf2 43. Ke4 Re2+ 44. Kf5 Rxe8
45. Re6 Rf8+ 46. Kg6 Bb2 47. d6 Kc6 48. h4 Kd7 49. Re7+ Kxd6 50. Rxa7 Rh8 51.
Ra6+ Kc5 52. h5 Kd4 53. Rc6 Bc3 54. Rc4+ Kd3 55. Rc7 Kc2 56. h6 Kxb3 57. Rh7
Rxh7 58. Kxh7 Kc4 59. Kg6 b3 60. h7 b2 61. Kf7 b1=Q 62. Kg8 Qb7 63. h8=Q Bxh8
64. Kxh8 Kd5 65. Kg8 Ke6 0-1

[Event "Michigan Action"]
[Site "Detroit, MI"]
[Date "1999.12.18"]
[Round "4"]
[White "Williams, Eddie"]
[Black "Crawford, Brandon"]
[Result "1-0"]
[WhiteElo "1677"]
[BlackElo "1129"]
[PlyCount "55"]
[EventDate "1999.12.18"]

1. e4 e5 2. Nf3 Nc6 3. Bc4 Nf6 4. d3 h6 5. a3 Bc5 6. O-O d6 7. h3 Bd7 8. Nc3
Qe7 9. Re1 O-O-O 10. b4 Bd4 11. Bd2 g5 12. b5 Nb8 13. a4 g4 14. hxg4 Nxg4 15.
Nd5 Qf8 16. Nxd4 exd4 17. a5 c6 18. b6 a6 19. Nc7 h5 20. Qf3 Ne5 21. Qf4 Nxc4
22. dxc4 h4 23. c5 Qg7 24. Qxd6 Bh3 25. Qh2 Bd7 26. Ne6 Qxg2+ 27. Kxg2 h3+ 28.
Kf1 1-0

[Event "Michigan Action"]
[Site "Detroit, MI"]
[Date "1999.12.18"]
[Round "3"]
[White "Williams, Eddie"]
[Black "Carroll, Mitchell"]
[Result "1-0"]
[WhiteElo "1677"]
[BlackElo "907"]
[PlyCount "71"]
[EventDate "1999.12.18"]

1. e4 e5 2. Nf3 Nc6 3. Bc4 Nf6 4. d3 Bc5 5. a3 a5 6. O-O O-O 7. Bg5 h6 8. Bh4
Nd4 9. Nxe5 b5 10. Ba2 Qe7 11. Ng6 Qd6 12. Nxf8 Kxf8 13. c3 Nc6 14. d4 Nxe4 15.
dxc5 Qxc5 16. Qf3 d5 17. Re1 Be6 18. Qe3 Qd6 19. f3 Nc5 20. Bg3 Qe7 21. Bxc7
Na6 22. Bg3 Re8 23. Nd2 Qd7 24. Qd3 Kg8 25. Qxb5 Nc7 26. Qa4 Na6 27. Rad1 Nc5
28. Qb5 Nb7 29. Nc4 Na7 30. Qxd7 Bxd7 31. Rxe8+ Bxe8 32. Rxd5 Bc6 33. Rf5 Bd7
34. Rf4 Nc5 35. Ne5 Be6 36. Bxe6 1-0

[Event "Michigan Action"]
[Site "Detroit, MI"]
[Date "1999.12.18"]
[Round "6"]
[White "Williams, Eddie"]
[Black "Akindele, Wale"]
[Result "1-0"]
[WhiteElo "1677"]
[BlackElo "1000"]
[PlyCount "47"]
[EventDate "1999.12.18"]

1. e4 e5 2. Nf3 Nc6 3. Bb5 d6 4. d4 Bd7 5. d5 Nb8 6. Qd3 a6 7. Bc4 h6 8. O-O
Nf6 9. h3 Qc8 10. Nh2 Be7 11. f4 exf4 12. Bxf4 Nh5 13. Be3 Ng3 14. Rf3 Nh5 15.
Nc3 Bf6 16. Raf1 Bxc3 17. Qxc3 Nf6 18. e5 Ne4 19. Qd4 Bf5 20. e6 f6 21. Rxf5
Ng3 22. Rxf6 gxf6 23. Qxf6 Rg8 24. Qf7+ 1-0

[Event "Michigan Action"]
[Site "Detroit, MI"]
[Date "1999.12.18"]
[Round "1"]
[White "Williams, Christopher"]
[Black "Williams, Eddie"]
[Result "1/2-1/2"]
[WhiteElo "792"]
[BlackElo "1677"]
[PlyCount "151"]
[EventDate "1999.12.18"]

1. e4 e5 2. Nf3 Nf6 3. Bc4 Nxe4 4. O-O d5 5. d3 dxc4 6. dxe4 Qxd1 7. Rxd1 Nc6
8. Nc3 a6 9. Be3 Bg4 10. b3 cxb3 11. axb3 Bd6 12. Nb5 Rd8 13. Nxd6+ cxd6 14.
Bb6 Rd7 15. Rd2 Bxf3 16. gxf3 h5 17. h4 Rh6 18. c3 Rf6 19. Kg2 Rg6+ 20. Kh3 Ne7
21. b4 f5 22. b5 axb5 23. Ra8+ Kf7 24. Bc5 f4 25. Ra5 Nc6 26. Rxb5 Ke7 27. Ba3
Rg1 28. c4 Ra1 29. Rd3 Nd4 30. Rxe5+ Kf6 31. Rxh5 g6 32. Rg5 Rh1+ 33. Kg4 Rg1+
34. Kh3 Rh1+ 35. Kg2 Rxh4 36. Rg4 Rxg4+ 37. fxg4 Nc6 38. Rxd6+ Rxd6 39. Bxd6 g5
40. c5 Ke6 41. f3 Kf6 42. Kf2 Ke6 43. Ke2 Kd7 44. Kd3 Nd8 45. Kc4 Kc6 46. e5
Ne6 47. Kb4 Nd8 48. Be7 Ne6 49. Bd6 Nd4 50. Kc4 Nxf3 51. e6 Nh4 52. e7 Kd7 53.
Kd3 Ng6 54. Ke2 Nxe7 55. Kf3 Nc6 56. Kf2 Ke6 57. Kf3 Kf7 58. Kf2 Ke6 59. Kg2
Kf7 60. Kf2 Ke6 61. Bb8 Kd5 62. Bd6 Ke4 63. Bf8 Ne5 64. Bh6 Nxg4+ 65. Kg2 f3+
66. Kf1 Ne3+ 67. Kf2 Nd1+ 68. Ke1 f2+ 69. Ke2 Kf4 70. Bf8 g4 71. Bd6+ Ke4 72.
Bg3 Kd5 73. Bxf2 Nxf2 74. Kxf2 Kxc5 75. Kg3 Kc4 76. Kxg4 1/2-1/2

[Event "Michigan Action"]
[Site "Detroit, MI"]
[Date "1999.12.18"]
[Round "5"]
[White "Williams, Christopher"]
[Black "Bainbridge, Chris"]
[Result "0-1"]
[WhiteElo "792"]
[BlackElo "959"]
[PlyCount "113"]
[EventDate "1999.12.18"]

1. e4 e6 2. d4 d5 3. e5 c5 4. Nf3 cxd4 5. Nxd4 Bc5 6. Be3 Qb6 7. Qd3 Qxb2 8.
Qb5+ Qxb5 9. Bxb5+ Bd7 10. Nc3 Bxd4 11. Bxd4 Ne7 12. O-O O-O 13. Bxd7 Nxd7 14.
Nb5 a6 15. Nd6 Nc6 16. c3 Ndxe5 17. Nxb7 Nxd4 18. cxd4 Nc4 19. a4 Rab8 20. Nc5
Rfd8 21. Nxa6 Rb6 22. Nc5 Rb4 23. Ra2 Rdb8 24. h3 g5 25. g3 Rb2 26. Rxb2 Rxb2
27. Ra1 Na5 28. Kf1 Rd2 29. Ke1 Rxd4 30. Ke2 Rc4 31. Nd3 f6 32. Kd2 Nb3+ 33.
Ke3 Nxa1 34. Nb2 Rb4 35. Nd3 Rxa4 36. Nc5 Nc2+ 37. Kd3 Nb4+ 38. Kc3 Ra2 39.
Kxb4 Rxf2 40. Nxe6 Kf7 41. Nd4 h5 42. Kc5 Rg2 43. Nf5 Kg6 44. Ne3 Rxg3 45. Nxd5
Kf5 46. Kd4 Rxh3 47. Ne7+ Kg4 48. Ke4 Rf3 49. Ng6 Rf4+ 50. Ke3 Kg3 51. Ke2 Rf3
52. Ne7 h4 53. Nd5 h3 54. Nb4 h2 55. Nc2 h1=Q 56. Kd2 Qg2+ 57. Kc1 0-1

[Event "Michigan Action"]
[Site "Detroit, MI"]
[Date "1999.12.18"]
[Round "5"]
[White "Wilder, Derek"]
[Black "Conner, Lloyd"]
[Result "0-1"]
[WhiteElo "549"]
[BlackElo "623"]
[PlyCount "40"]
[EventDate "1999.12.18"]

1. e4 b5 2. Nf3 c5 3. d4 cxd4 4. Qxd4 Nc6 5. Qc5 g6 6. Bxb5 Bb7 7. Qc3 Nf6 8.
e5 Ne4 9. Qe3 a6 10. Ba4 Nxf2 11. Qxf2 Bg7 12. O-O Nxe5 13. Nxe5 Bxe5 14. Bf4
Bxb2 15. Rd1 Bxa1 16. Rxd7 Qa5 17. Rxb7+ Qxa4 18. Qb6 Bd4+ 19. Qxd4 Qxd4+ 20.
Kf1 Qxf4+ 0-1

[Event "Michigan Action"]
[Site "Detroit, MI"]
[Date "1999.12.18"]
[Round "1"]
[White "Wilder, Derek"]
[Black "Choate, Eric"]
[Result "0-1"]
[WhiteElo "549"]
[BlackElo "1195"]
[PlyCount "38"]
[EventDate "1999.12.18"]

1. e4 e5 2. Nf3 d6 3. Bc4 Be7 4. d4 exd4 5. Qxd4 Nf6 6. Ng5 O-O 7. O-O Nc6 8.
Qd3 Ne5 9. Nxf7 Rxf7 10. Bxf7+ Kxf7 11. Qb3+ Kf8 12. Re1 c6 13. Bg5 Nh5 14.
Bxe7+ Qxe7 15. Nc3 Nf4 16. g3 Nh3+ 17. Kg2 Qf6 18. Re3 Qxf2+ 19. Kh1 Ng4 0-1

[Event "Michigan Action"]
[Site "Detroit, MI"]
[Date "1999.12.18"]
[Round "6"]
[White "Wheeler, Wardell"]
[Black "Wheeler, DeAndre"]
[Result "1-0"]
[WhiteElo "681"]
[BlackElo "572"]
[PlyCount "104"]
[EventDate "1999.12.18"]

1. d4 d5 2. Nc3 Nf6 3. f3 Bf5 4. g4 Bxg4 5. fxg4 Nxg4 6. e4 Nf6 7. Bg2 c6 8. e5
Nfd7 9. h4 f6 10. e6 Nb6 11. h5 h6 12. b3 g5 13. Qd3 Qd6 14. Qg6+ Kd8 15. a4
Qxe6+ 16. Nge2 Rg8 17. Qd3 Qf7 18. a5 N6d7 19. Bh3 Qxh5 20. Ng3 Qh4 21. Bg2 Qg4
22. Qh7 Rg7 23. Qxh6 e6 24. Nce2 Bb4+ 25. Bd2 Bd6 26. Qxg7 Bf8 27. Qh7 Bd6 28.
Bh3 Qf3 29. Rf1 Qxg3+ 30. Nxg3 Bxg3+ 31. Ke2 e5 32. Qg8+ Kc7 33. Be1 Bh2 34. a6
bxa6 35. Ba5+ Kb7 36. Bxd7 Nxd7 37. Qe6 Kc8 38. Qxc6+ Kb8 39. Bc7+ Kc8 40.
Qxa8+ Kxc7 41. Qxa7+ Kd6 42. Rxa6+ Ke7 43. dxe5 fxe5 44. Rf5 Bg1 45. Qxg1 Nb6
46. Rxb6 g4 47. Rxe5+ Kd7 48. Rxd5+ Kc7 49. Rdb5 Kc8 50. Rb8+ Kc7 51. R5b7+ Kc6
52. Qb6+ Kd5 1-0

[Event "Michigan Action"]
[Site "Detroit, MI"]
[Date "1999.12.18"]
[Round "1"]
[White "Wheeler, Wardell"]
[Black "McCrandell, James"]
[Result "0-1"]
[WhiteElo "681"]
[BlackElo "1101"]
[PlyCount "120"]
[EventDate "1999.12.18"]

1. d4 Nc6 2. d5 Ne5 3. Nf3 Nxf3+ 4. gxf3 Nf6 5. e4 g6 6. e5 Nh5 7. Nc3 Bg7 8.
f4 O-O 9. Ne4 e6 10. dxe6 dxe6 11. Qxd8 Rxd8 12. Nf6+ Nxf6 13. exf6 Bxf6 14.
Rb1 b6 15. Bg2 Rb8 16. b4 Bb7 17. Bxb7 Rxb7 18. Bb2 Bxb2 19. Rxb2 Rd4 20. c3
Rxf4 21. Rd2 a5 22. Rd4 Rxd4 23. cxd4 axb4 24. Kd2 Ra7 25. Ra1 Ra5 26. Kd3 Rd5
27. a3 bxa3 28. Rxa3 c5 29. Ra8+ Kg7 30. Rb8 Rxd4+ 31. Kc3 Rf4 32. Rxb6 Rxf2
33. h4 Rh2 34. Kc4 Rxh4+ 35. Kxc5 h5 36. Kd6 g5 37. Ke7 g4 38. Rb5 Kg6 39. Rb8
e5 40. Rg8+ Kf5 41. Rg7 e4 42. Rxf7+ Ke5 43. Kf8 e3 44. Re7+ Kf4 45. Kg7 Kf3
46. Rf7+ Kg2 47. Kg6 e2 48. Re7 Kf2 49. Kg5 Rh3 50. Kf4 e1=Q 51. Rxe1 Kxe1 52.
Ke5 Ke2 53. Kf5 Kf3 54. Kg5 Ke4 55. Kf6 Rf3+ 56. Kg5 Rf5+ 57. Kh4 g3 58. Kxg3
Rf4 59. Kh3 Rg4 60. Kh2 Kf3 0-1

[Event "Michigan Action"]
[Site "Detroit, MI"]
[Date "1999.12.18"]
[Round "4"]
[White "Wheeler, Wardell"]
[Black "Elster, Isaac"]
[Result "1-0"]
[WhiteElo "681"]
[BlackElo "367"]
[PlyCount "41"]
[EventDate "1999.12.18"]

1. d4 d5 2. e3 e6 3. Nf3 Nf6 4. h3 Bb4+ 5. c3 Bd6 6. Nbd2 O-O 7. Bd3 c6 8. a4
Nbd7 9. b3 Nb6 10. Ba3 h6 11. c4 Bd7 12. Bxd6 Rc8 13. e4 dxc4 14. Nxc4 Nxc4 15.
Bxc4 Nxe4 16. Bd3 Nc5 17. Bxc5 Qc7 18. Qe2 Qa5+ 19. Kf1 Kh8 20. Qe4 Qc7 21.
Qh7# 1-0

[Event "Michigan Action"]
[Site "Detroit, MI"]
[Date "1999.12.18"]
[Round "6"]
[White "Wheeler, Isiah"]
[Black "Rucker, Ed"]
[Result "0-1"]
[WhiteElo "554"]
[BlackElo "1081"]
[PlyCount "78"]
[EventDate "1999.12.18"]

1. c4 e6 2. d4 d5 3. e3 c5 4. Nf3 cxd4 5. Qxd4 Nc6 6. Qd2 Bb4 7. Nc3 Nf6 8. a3
Qa5 9. Nd4 Ne4 10. Qd3 Nxc3 11. bxc3 Bxc3+ 12. Bd2 Bxd2+ 13. Qxd2 Qxd2+ 14.
Kxd2 O-O 15. Rc1 Ne5 16. f4 Ng6 17. Bd3 f5 18. Nxe6 Bxe6 19. cxd5 Bxd5 20. Rc5
Rad8 21. Rhc1 Be4 22. R1c3 Rd7 23. Rc8 Rxd3+ 24. Rxd3 Rxc8 25. Rc3 Rxc3 26.
Kxc3 Bxg2 27. Kb4 Bc6 28. Kc5 Kf7 29. Kd6 Ne7 30. Kc7 Nd5+ 31. Kb8 Nxe3 32.
Kxa7 Nd5 33. h4 Nxf4 34. Kb6 h6 35. a4 Bxa4 36. Kxb7 g5 37. hxg5 hxg5 38. Kc8
g4 39. Kd8 g3 0-1

[Event "Michigan Action"]
[Site "Detroit, MI"]
[Date "1999.12.18"]
[Round "1"]
[White "Wheeler, Isiah"]
[Black "Norwood, Wayne"]
[Result "0-1"]
[WhiteElo "554"]
[BlackElo "997"]
[PlyCount "40"]
[EventDate "1999.12.18"]

1. e4 c5 2. d4 e6 3. Nf3 Nf6 4. Nc3 Nc6 5. Bf4 b6 6. Qd3 Bb7 7. e5 Nd5 8. g3
Nxf4 9. gxf4 Nb4 10. Qd2 Bxf3 11. Rg1 cxd4 12. Na4 Qc7 13. a3 Nxc2+ 14. Qxc2
Qxc2 15. Rg3 Qxa4 16. Rxf3 Bc5 17. b3 Qc6 18. a4 Qxf3 19. Bb5 d3 20. Rd1 Qe2#
0-1

[Event "Michigan Action"]
[Site "Detroit, MI"]
[Date "1999.12.18"]
[Round "3"]
[White "Wheeler, Isiah"]
[Black "Collins, Michael"]
[Result "1/2-1/2"]
[WhiteElo "554"]
[BlackElo "602"]
[PlyCount "108"]
[EventDate "1999.12.18"]

1. c4 d5 2. e3 dxc4 3. Bxc4 Nf6 4. d4 Bg4 5. f3 Bf5 6. e4 Bd7 7. Nc3 e6 8. Nge2
Bb4 9. Bd2 O-O 10. Qb3 Qe7 11. a3 Bxc3 12. Qxc3 b6 13. b4 c5 14. Bf4 cxb4 15.
Qxb4 Qxb4+ 16. axb4 Nc6 17. b5 Nb4 18. Rb1 Nc2+ 19. Kd1 Na3 20. Rb4 Nxc4 21.
Rxc4 a6 22. bxa6 Bb5 23. Rc6 Bxc6 24. Bd6 Rfd8 25. Be7 Rd7 26. Bxf6 gxf6 27.
Kc2 Rc7 28. Kd3 Bb5+ 29. Ke3 Bxe2 30. Kxe2 Rac8 31. Ra1 Rc2+ 32. Ke3 R2c3+ 33.
Kf4 e5+ 34. dxe5 fxe5+ 35. Kxe5 R3c5+ 36. Kf4 R8c7 37. Ra3 Rc3 38. Ra2 Rc2 39.
Ra1 Rc1 40. Ra3 R1c3 41. Ra4 R3c4 42. Ra2 Rc2 43. Ra4 R2c4 44. Ra3 Rc3 45. Ra2
Rc2 46. Ra3 R2c3 47. Ra2 Rc2 48. Ra3 R2c3 49. Ra4 R3c4 50. Ra3 Rc3 51. Ra4 R3c4
52. Rxc4 Rxc4 53. a7 Rc8 54. g4 Ra8 1/2-1/2